Pretty Little Liars - Statistiques

Statistiques générales
  • Ce quiz a été pris 582 fois
  • Le résultat moyen est 13 sur 15
Statistiques - réponses
Hint Réponse % Correct
Quelle est la ville ou se déroule l'histoire ? Roswood
99%
Quel secret Spencer cache-t-elle à propos de Mélissa ? Spencer a embrassé Ian
98%
Quel sport pratique Emily ? La natation
96%
Quel objet précis Aria retrouve-t-elle dans son casier ? Une boucle d'oreille
94%
Quel est le nom du café ou Emily travaille ? The Brew
92%
Quelle est la passion principale d'Aria en dehors de la littérature ? La photographie
91%
Quel personnage est obsédé par les poupées et les jeux phychologiques ? Mona
89%
Quel est le métier du père d'Aria ? Prof de littérature
89%
Quel est le nom du fiancé d'Hanna après le saut dans le temps ? Jordan
88%
Ou les filles sont-elles enfermées au début de la saison 6 ? Dollhouse
87%
Quel sont les noms des deux filles de Alison et .... Lily et Grace
85%
Quel personnage utilise la fausse identité " Vivian Darkbloom " ? Alison
83%
Quel est le vrai nom d'Elliott Rollins ? Archer Dunhill
80%
Qui tue Shana à New York ? Aria
67%
Qui est la mère biologique des jumelles de Alison ? Emily
63%
Aucun quiz correspondant
Distribution des résultats
% des personnes avec chaque résultat
Percentile par nombre de réponses
Votre historique - résultats
Vous n’avez pas pris ce quiz